तीर्थ यात्रा / (Record no. 122040)
[ view plain ]
| 000 -LEADER | |
|---|---|
| fixed length control field | 01301nam a22002897a 4500 |
| 005 - DATE AND TIME OF LATEST TRANSACTION | |
| control field | 20170124103224.0 |
| 010 ## - LIBRARY OF CONGRESS CONTROL NUMBER | |
| LC control number | B-075250 |
| 020 ## - INTERNATIONAL STANDARD BOOK NUMBER | |
| Terms of availability | 150.00 |
| International Standard Book Number | 8170551315 |
| 035 ## - SYSTEM CONTROL NUMBER | |
| System control number | B-075250 |
| 037 ## - SOURCE OF ACQUISITION | |
| Source of stock number/acquisition | Cen Lib/Ret |
| 040 ## - CATALOGING SOURCE | |
| Original cataloging agency | DPL |
| Language of cataloging | HN |
| 082 ## - DEWEY DECIMAL CLASSIFICATION NUMBER | |
| Classification number | 822 |
| Item number | साहीवि |
| 100 ## - MAIN ENTRY--PERSONAL NAME | |
| Personal name | साही, विनोद |
| 9 (RLIN) | 134627 |
| 245 ## - TITLE STATEMENT | |
| Title | तीर्थ यात्रा / |
| Statement of responsibility, etc | विनोद साही, हरदर्शन सहगल [और] सुभलक्ष्मी ; सम्पादक विभा रानी |
| 246 ## - VARYING FORM OF TITLE | |
| Title proper/short title | Teen Purskrit natak / |
| Remainder of title | by Vinod Sahi, Hardarshan Sahgal [and] Sublaxmi ; edited by Bibha Rani |
| 260 ## - PUBLICATION, DISTRIBUTION, ETC. (IMPRINT) | |
| Place of publication, distribution, etc | दिल्ली |
| Name of publisher, distributor, etc | वाणी प्रकाशन |
| Date of publication, distribution, etc | 2002 |
| 270 ## - ADDRESS | |
| Address | 21 ए, दरयागंज |
| City | नयी दिल्ली |
| Postal code | 110002 |
| 300 ## - PHYSICAL DESCRIPTION | |
| Extent | 128पृ. |
| Dimensions | 20सेमी(सजिल्द ) |
| 650 ## - SUBJECT ADDED ENTRY--TOPICAL TERM | |
| Topical term or geographic name as entry element | हिंदी साहित्य |
| General subdivision | |
| Geographic subdivision | |
| 9 (RLIN) | 134628 |
| 650 ## - SUBJECT ADDED ENTRY--TOPICAL TERM | |
| Topical term or geographic name as entry element | उपन्यास |
| Form subdivision | |
| General subdivision | |
| 9 (RLIN) | 41422 |
| 650 ## - SUBJECT ADDED ENTRY--TOPICAL TERM | |
| Topical term or geographic name as entry element | Hindi litarature |
| 9 (RLIN) | 134629 |
| 650 ## - SUBJECT ADDED ENTRY--TOPICAL TERM | |
| Topical term or geographic name as entry element | Novel |
| 9 (RLIN) | 22513 |
| 700 ## - ADDED ENTRY--PERSONAL NAME | |
| Personal name | सहगल, हरदर्शन |
| 9 (RLIN) | 134630 |
| 700 ## - ADDED ENTRY--PERSONAL NAME | |
| Personal name | बी. शुभलक्ष्मी |
| 9 (RLIN) | 50674 |
| 700 ## - ADDED ENTRY--PERSONAL NAME | |
| Personal name | विभा रानी |
| 9 (RLIN) | 134631 |
| 942 ## - ADDED ENTRY ELEMENTS (KOHA) | |
| Source of classification or shelving scheme | Dewey Decimal Classification |
| Koha item type | Hindi Books |
| Classification part | 822 |
| Call number suffix | साहीवि |
| Withdrawn status | Lost status | Damaged status | Not for loan | Home library | Current library | Date acquired | Source of acquisition | Cost, normal purchase price | Total Checkouts | Full call number | Barcode | Date last seen | Copy number | Cost, replacement price | Price effective from | Koha item type |
|---|---|---|---|---|---|---|---|---|---|---|---|---|---|---|---|---|
| Central Library | Central Library | 17/02/2016 | Cen Lib/Ret | 150.00 | 822 साहीवि | B-075250 | 17/02/2016 | 1 | 150.00 | 17/02/2016 | Hindi Books |
